Tazkera Shamai Anjum Maa Nigaristan Sukhan (Record no. 3217)

MARC details
000 -LEADER
fixed length control field 00627nam a2200253 a 4500
020 ## - INTERNATIONAL STANDARD BOOK NUMBER
ISBN
082 00 - DEWEY DECIMAL CLASSIFICATION NUMBER
Classification number 891.51
Author Cutter ATA
100 ## - MAIN ENTRY--AUTHOR NAME
Author name Ata, Kakwi
245 ## - TITLE STATEMENT
Title Tazkera Shamai Anjum Maa Nigaristan Sukhan
260 ## - PUBLICATION, DISTRIBUTION, ETC. (IMPRINT)
Place of publication Patna
Name of publisher Azeemush Shan Book Depo
Year of publication 1968
300 ## - PHYSICAL DESCRIPTION
Number of Pages 68p
500 ## - GENERAL NOTE
General note includes index and biblioraphy
505 2# - FORMATTED CONTENTS NOTE
Formatted contents note Appendix
650 ## - SUBJECT ADDED ENTRY--TOPICAL TERM
Topical Term Persian Poetry-Poets
942 ## - ADDED ENTRY ELEMENTS (KOHA)
Koha item type Books
700 1# -
-- S Nurul Hasan Khan
700 1# -
-- S Hasan Khan
Holdings
Collection code Home library Current library Date acquired Cost, normal purchase price Full call number Accession Number Koha item type
  Henry Martyn Institute Library Henry Martyn Institute Library 06/01/2007 100.00 891.51 ATA 05605 Books
                   Copyright © 2026 | Henry Martyn Institute | Hyderabad | TS-500052 | INDIA | Implemented by hmi.edu.in
Hit-Count:

Powered by Koha